Análisis y planeación de la calidad

Bibliographic Details
Main Author: Irwin, David
Format: Section = Libro
Language:Undetermined
Spanish
Published: México Limusa/Wiley 2006
Edition:6a.ed
Subjects:
LEADER 00598nam a2200217Ia 4500
008 240830s9999 xx 000 0 und d
020 |a 968-18-6295-3 
040 |a B-ESTELÍ- RUACS / 658 J91 
041 |a spa 
082 |a 658 J91 
100 1 |a Irwin, David 
245 1 0 |a Análisis y planeación de la calidad 
250 |a 6a.ed 
260 |a México  |b Limusa/Wiley  |c 2006 
300 |a 669 p:il 
650 7 |a ANÁLISIS ELECTRICO DE CIRCUITOS 
650 7 |b  ANÁLISIS DE POTENCIA EN ESTADO ESTABLE 
650 7 |c  CIRCUITOS ELECTRONICOS BASICOS 
942 |c BK  |2 ddc 
991 |a TEXTO 
999 |c 11422